000
00324 a2200109 4500
001
ART_3509
005
20260410161715.0
008
260409a
245
1
0
_a
Creación de empleo productivo
100
1
_a
Tokman, Víctor E.
773
0
_t
Desarrollo económico
_g
- Vol. 26, Nº 103 (oct./dic. 1986)
_w
REV1174
999
_c
16456
_d
16456